Religion and reproduction in Southern Thailand

Uložené v:
Podrobná bibliografia
Médium: Kniha
Jazyk:Thai
English
Vydavateľské údaje: Bangkok National Statistical Office 1998
Predmet:
Tagy: Pridať tag
Žiadne tagy, Buďte prvý, kto otaguje tento záznam!

MARC

LEADER 00000nam a2200000 4500
001 c125066
005 20251217125706.1
020 |a 974-236-906-2 
041 0 |a tha 
041 0 |a eng 
044 |a TH 
245 1 0 |a Religion and reproduction in Southern Thailand 
264 1 |a Bangkok  |b National Statistical Office  |c 1998 
300 |a 47 s. 
610 2 0 |a náboženstvo 
610 2 0 |a rodina 
610 2 0 |a správanie sociálne 
610 2 0 |a islam 
610 2 0 |a kultúra 
610 2 0 |a Thajsko